000 00758cam a2200217 a 4500
020 _a0803119941
040 _cDLC
082 0 0 _a621 AST 1994
245 0 0 _aFatigue of electronic materials /
260 _aPhiladelphia, PA :
_bASTM,
_cc1994.
300 _aviii, 146 p. :
_bill. ;
_c23 cm.
490 1 _aSTP ;
500 _a"ASTM publication code number (PCN): 04-011530-30."
500 _a"Contains papers presented at the symposium of the same name held in Atlanta, Georgia on 17 May 1993 ... sponsored by Committee E-8 on Fatigue and Fracture"--Foreword.
650 0 _aElectronics
650 0 _aElectronics
700 1 _aSchroeder, Scott A.
700 1 _aMitchell, M. R.
710 2 _aASTM Committee E-8 on Fatigue and Fracture.
942 _cAEDBB
999 _c11270
_d11270